[Event "Wch U16"]
[Site "Al Ain"]
[Date "2013.12.24"]
[Round "8"]
[White "Kenes, Aldiyar"]
[Black "Enkhnar, Enkhbaatar"]
[Result "1/2-1/2"]
[WhiteElo "2026"]
[BlackElo "2309"]
[PlyCount "93"]
[EventDate "2013.12.18"]
[EventType "swiss"]
[EventRounds "11"]
[EventCountry "UAE"]
[SourceTitle "CBM 158 Extra"]
[Source "ChessBase"]
[SourceDate "2014.02.28"]
[SourceVersion "1"]
[SourceVersionDate "2014.02.28"]
[SourceQuality "1"]

1. e4 c5 2. Nf3 e6 3. d4 cxd4 4. Nxd4 a6 5. Nc3 Qc7 6. g3 b5 7. Bg2 Bb7 8. 0-0 d6 9. f4 b4 10. Nb1 Nf6 11. Qe2 Nc6 12. Nxc6 Qb6+ 13. Kh1 Qxc6 14. Re1 Rc8 15. c3 Be7 16. Bd2 Qc4 17. cxb4 Qxe2 18. Rxe2 Rc2 19. Nc3 Rxb2 20. Rb1 Rxb1+ 21. Nxb1 0-0 22. e5 Bxg2+ 23. Kxg2 Nd5 24. exd6 Bxd6 25. a3 Rc8 26. Kf3 Kf8 27. Ke4 Rc2 28. Kd3 Rb2 29. Nc3 Nc7 30. Bc1 Rxe2 31. Kxe2 Ke7 32. Ne4 f6 33. Kd3 h6 34. Be3 Kd7 35. Nxd6 Kxd6 36. Bc5+ Kd5 37. Bf8 Ne8 38. a4 h5 39. Kc3 g5 40. fxg5 fxg5 41. b5 axb5 42. axb5 g4 43. Kb4 Nf6 44. Ka5 Nd7 45. Bh6 e5 46. b6 e4 47. Kb5 1/2-1/2

[Event "Wch U16"]
[Site "Al Ain"]
[Date "2013.12.19"]
[Round "2"]
[White "Kenes, Aldiyar"]
[Black "Alasgarov, Alasgar Habil"]
[Result "1-0"]
[WhiteElo "2026"]
[BlackElo "1638"]
[PlyCount "47"]
[EventDate "2013.12.18"]
[EventType "swiss"]
[EventRounds "11"]
[EventCountry "UAE"]
[SourceTitle "CBM 158 Extra"]
[Source "ChessBase"]
[SourceDate "2014.02.28"]
[SourceVersion "1"]
[SourceVersionDate "2014.02.28"]
[SourceQuality "1"]

1. e4 e5 2. Nf3 Nc6 3. Bb5 a6 4. Ba4 Nf6 5. 0-0 b5 6. Bb3 Be7 7. Qe2 0-0 8. h3 d6 9. c3 Bb7 10. d4 exd4 11. cxd4 Na5 12. Bc2 d5 13. e5 Ne8 14. Qd3 g6 15. Bh6 Ng7 16. e6 Nc6 17. exf7+ Rxf7 18. Bxg7 Kxg7 19. a3 Qf8 20. b4 Rf4 21. Nc3 Rd8 22. Bb3 Qf5 23. Qd2 Bf6 24. Bc2 1-0

[Event "World School-ch U15 9th"]
[Site "Porto Carras"]
[Date "2013.05.14"]
[Round "9"]
[White "Bayramov, Zaur"]
[Black "Kenes, Aldiyar"]
[Result "1-0"]
[WhiteElo "2052"]
[BlackElo "1957"]
[PlyCount "67"]
[EventDate "2013.05.07"]
[EventType "swiss"]
[EventRounds "9"]
[EventCountry "GRE"]
[SourceTitle "CBM 154 Extra"]
[Source "ChessBase"]
[SourceDate "2013.06.25"]
[SourceVersion "2"]
[SourceVersionDate "2013.06.25"]
[SourceQuality "1"]

1. Nf3 Nf6 2. g3 d5 3. Bg2 c5 4. 0-0 Nc6 5. d3 g6 6. Nbd2 Bg7 7. e4 0-0 8. c3 d4 9. cxd4 Nxd4 10. Nxd4 Qxd4 11. Nb3 Qd6 12. Be3 Nd7 13. Qc2 Bd4 14. Nxd4 cxd4 15. Bh6 Re8 16. f4 e5 17. Qd2 b6 18. f5 Ba6 19. b4 Rac8 20. a4 Rc3 21. b5 Bb7 22. fxg6 hxg6 23. Rad1 Nc5 24. Qf2 Re7 25. Qe2 Nxa4 26. Bg5 Rec7 27. Qg4 Nc5 28. Qh4 f5 29. Bf6 Nd7 30. Qh8+ Kf7 31. Qg7+ Ke6 32. Bg5 Qf8 33. Qxg6+ Nf6 34. Qxf5+ 1-0

[Event "World School-ch U15 9th"]
[Site "Porto Carras"]
[Date "2013.05.13"]
[Round "8"]
[White "Shahaliyev, Ismayil Bahram"]
[Black "Kenes, Aldiyar"]
[Result "1-0"]
[WhiteElo "2041"]
[BlackElo "1957"]
[PlyCount "106"]
[EventDate "2013.05.07"]
[EventType "swiss"]
[EventRounds "9"]
[EventCountry "GRE"]
[SourceTitle "CBM 154 Extra"]
[Source "ChessBase"]
[SourceDate "2013.06.25"]
[SourceVersion "2"]
[SourceVersionDate "2013.06.25"]
[SourceQuality "1"]

1. e4 c5 2. Nc3 e6 3. Nf3 Nc6 4. d4 cxd4 5. Nxd4 Qc7 6. g3 Nf6 7. Ndb5 Qb8 8. Bf4 e5 9. Bg5 a6 10. Bxf6 gxf6 11. Na3 Bb4 12. Nc4 b5 13. Ne3 Ne7 14. Bh3 d6 15. Bxc8 Qxc8 16. 0-0 Bxc3 17. bxc3 Qe6 18. a4 0-0 19. Qd3 bxa4 20. Rxa4 Rfc8 21. Rfa1 Rc6 22. Rxa6 Raxa6 23. Rxa6 Qc8 24. Ra7 Rc7 25. Rxc7 Qxc7 26. Ng4 Kg7 27. Qf3 Ng8 28. Ne3 Ne7 29. Qg4+ Kf8 30. Qh4 Kg7 31. Ng4 Ng8 32. Nxf6 Nxf6 33. Qg5+ Kh8 34. Qxf6+ Kg8 35. Qg5+ Kf8 36. Qe3 Qc6 37. Qd3 Ke7 38. h4 Qb7 39. c4 Qb4 40. Kg2 Qc5 41. Qd5 Qb4 42. c5 dxc5 43. Qxe5+ Kd7 44. Qd5+ Ke7 45. c4 Qa3 46. Qe5+ Kf8 47. h5 Qb4 48. Qd6+ Ke8 49. Qd5 Ke7 50. h6 f6 51. e5 f5 52. e6 Kf6 53. Qd7 Qxc4 1-0